000 01084nam a2200253Ia 4500
001 18085
003 GE_BSU
008 181216s||||||||xx |||||||||||||| ||und||
020 _a9994025627
040 _cGE_BSU
080 _a811.353.1
100 _aდოლიძე,ნინო
245 _aმასდარისა და აწმყოს ფუძის ურთიერთმიმართებისათვის
245 _bუმაღლესი სასწავლ. სტუდენტისათვის
245 _cრედ.მ. ბარამიძე.
260 _aბათუმი
260 _bბათუმის უნივერსიტეტი
260 _c2006
300 _a103გვ.21სმ.
300 _eბიბლ.გვ.87-94. წყაროები და მათი შემოკლებანი: გვ.94-102
541 _h4ლ.
653 _aმასდარისა და აწმყოს ფუძის ურთიერთმიმართებისათვის
942 _cBK
999 _c51128
_d51128